Macroeconomics / (Record no. 1757)
[ view plain ]
| 000 -LEADER | |
|---|---|
| fixed length control field | 00873nam a2200229Ia 4500 |
| 020 ## - INTERNATIONAL STANDARD BOOK NUMBER | |
| ISBN | 0072835745 (alk. paper) |
| 020 ## - INTERNATIONAL STANDARD BOOK NUMBER | |
| ISBN | 007283627x |
| 020 ## - INTERNATIONAL STANDARD BOOK NUMBER | |
| ISBN | 007286558x |
| 020 ## - INTERNATIONAL STANDARD BOOK NUMBER | |
| ISBN | 9780072835748 |
| 050 00 - CALL NUMBER | |
| Classification number | HB172.5 |
| Item number | .D435 |
| 100 1# - AUTHOR | |
| Personal name | De Long, J. Bradford. |
| 245 10 - TITLE | |
| Title | Macroeconomics / |
| Statement of responsibility, etc | J. Bradford DeLong. |
| 260 ## - PUBLICATION INFORMATION | |
| Place of publication | Boston : |
| Name of publisher | McGraw-Hill Irwin, |
| Year of publication | c2002. |
| 300 ## - DESCRIPTION | |
| Number of Pages | xxvi, 523 p. : |
| Other physical details | col. ill. ; |
| Dimensions | 26 cm. + |
| Accompanying material | 1 study guide (430 p.) |
| 500 ## - NOTES | |
| General note | Includes index. |
| 500 ## - NOTES | |
| General note | Accompanied by: Study guide for use with Macroeconomics / prepared by Martha Olney. |
| 505 ## - FORMATTED CONTENTS NOTE | |
| Table of Content | pt. i.Introduction to microeconomics<br/>pt. ii. Long run economic growth<br/>pt.iii. Flexible- price macroeconomics<br/>pt.iv. Sticky- price macroeconomics<br/>pt. v. Macroeconomic Policy |
| 650 #0 - SUBJECTS | |
| Topical Term | Macroeconomics. |
| 650 #0 - SUBJECTS | |
| Topical Term | Macroeconomics |
| 700 1# - OTHER AUTHORS | |
| Personal name | Olney, Martha L. |
| 942 ## - ADDED ENTRY ELEMENTS (KOHA) | |
| Koha item type | Books |
| Withdrawn status | Lost status | Collection code | Home library | Current library | Shelving location | Date acquired | Full call number | Accession Number | Copy number | Koha item type |
|---|---|---|---|---|---|---|---|---|---|---|
| Reference | Methodist University Library Main | Methodist University Library Main | General Stacks | 17/01/2018 | HB172.5 .D435 | 11427 | 1 | Books | ||
| Methodist University Library Main | Methodist University Library Main | General Stacks | 17/01/2018 | HB172.5 .D435 | 11430 | 2 | Books | |||
| Methodist University Library Main | Methodist University Library Main | General Stacks | 17/01/2018 | HB172.5 .D435 | 11428 | 3 | Books | |||
| Methodist University Library Main | Methodist University Library Main | General Stacks | 17/01/2018 | HB172.5 .D435 | 11431 | 4 | Books | |||
| Methodist University Library Main | Methodist University Library Main | General Stacks | 24/01/2018 | HB172.5 .D435 | 11429 | 5 | Books |